<?xml version="1.0" encoding="UTF-8"?><?xml-stylesheet type="text/xsl" href="static/style.xsl"?><OAI-PMH xmlns="http://www.openarchives.org/OAI/2.0/" xmlns:xsi="http://www.w3.org/2001/XMLSchema-instance" xsi:schemaLocation="http://www.openarchives.org/OAI/2.0/ http://www.openarchives.org/OAI/2.0/OAI-PMH.xsd"><responseDate>2026-04-14T02:27:49Z</responseDate><request verb="GetRecord" identifier="oai:www.recercat.cat:2117/387373" metadataPrefix="marc">https://recercat.cat/oai/request</request><GetRecord><record><header><identifier>oai:recercat.cat:2117/387373</identifier><datestamp>2025-07-17T04:39:43Z</datestamp><setSpec>com_2072_1033</setSpec><setSpec>col_2072_452950</setSpec></header><metadata><record xmlns="http://www.loc.gov/MARC21/slim" xmlns:dcterms="http://purl.org/dc/terms/" xmlns:xsi="http://www.w3.org/2001/XMLSchema-instance" xmlns:doc="http://www.lyncode.com/xoai" xsi:schemaLocation="http://www.loc.gov/MARC21/slim http://www.loc.gov/standards/marcxml/schema/MARC21slim.xsd">
   <leader>00925njm 22002777a 4500</leader>
   <datafield ind2=" " ind1=" " tag="042">
      <subfield code="a">dc</subfield>
   </datafield>
   <datafield ind2=" " ind1=" " tag="720">
      <subfield code="a">Delgado Muñoz, Luis</subfield>
      <subfield code="e">author</subfield>
   </datafield>
   <datafield ind2=" " ind1=" " tag="720">
      <subfield code="a">Kuljanin, Jovana</subfield>
      <subfield code="e">author</subfield>
   </datafield>
   <datafield ind2=" " ind1=" " tag="720">
      <subfield code="a">Mas Pujol, Sergi</subfield>
      <subfield code="e">author</subfield>
   </datafield>
   <datafield ind2=" " ind1=" " tag="720">
      <subfield code="a">Skorobogatov, Georgy</subfield>
      <subfield code="e">author</subfield>
   </datafield>
   <datafield ind2=" " ind1=" " tag="720">
      <subfield code="a">Argerich, Clara</subfield>
      <subfield code="e">author</subfield>
   </datafield>
   <datafield ind2=" " ind1=" " tag="720">
      <subfield code="a">Gregori, Ernesto</subfield>
      <subfield code="e">author</subfield>
   </datafield>
   <datafield ind2=" " ind1=" " tag="260">
      <subfield code="c">2022-12-09</subfield>
   </datafield>
   <datafield ind2=" " ind1=" " tag="520">
      <subfield code="a">The deliverable provides the results from the verification and validation activities within Dispatcher3 project. The document reviews the internal and external validation activities that were carried out during the course of Dispatcher3 project according to the plan defined in D5.1. Dispatcher3 is organised in three layers: data acquisition and preparation, predictive layer, with machine learning models, and prospective models, with the integration of the individual machine learning models in an interactive Advice Generator and an estimator of rotation/reactionary delay. This deliverable presents the verification and validation activities performed on these three components. For the data acquisition and preparation layer the data-pipelines, including the transformation verification and validation activities are described. In the predictive layer both the models developed for the first release and their evolution for the final prototype are described and presented. Finally, for the prospective layer, the interactive interface with its functional requirements is presented and verified, while the reactionary delay model is described, and different scenarios evaluated for its validation.&#xd;
The deliverable also describes the different internal and external activities and meetings, workshops and dedicated online site visits that have been performed during the duration of the project. Finally, the document assesses the verification of the high-level system-wide requirements identified at the beginning of the project in D1.1 – Technical resources and problem definition, and the research questions identified in the Verification and validation plan (D5.1).</subfield>
   </datafield>
   <datafield ind2=" " ind1=" " tag="520">
      <subfield code="a">This deliverable is part of a project that has received funding from the Clean Sky Joint Undertaking under grant agreement No 886461 under European Union’s Horizon 2020 research and innovation programme.</subfield>
   </datafield>
   <datafield ind2=" " ind1=" " tag="520">
      <subfield code="a">Peer Reviewed</subfield>
   </datafield>
   <datafield ind2=" " ind1=" " tag="520">
      <subfield code="a">Postprint (published version)</subfield>
   </datafield>
   <datafield tag="653" ind2=" " ind1=" ">
      <subfield code="a">Àrees temàtiques de la UPC::Aeronàutica i espai</subfield>
   </datafield>
   <datafield tag="653" ind2=" " ind1=" ">
      <subfield code="a">Aerospace engineering</subfield>
   </datafield>
   <datafield tag="653" ind2=" " ind1=" ">
      <subfield code="a">Enginyeria aerospacial</subfield>
   </datafield>
   <datafield ind2="0" ind1="0" tag="245">
      <subfield code="a">Dispatcher3 - D5.2: Verification and validation report</subfield>
   </datafield>
</record></metadata></record></GetRecord></OAI-PMH>